Finance Bill: limited liability partnerships (Record no. 66954)

MARC details
000 -LEADER
fixed length control field 01155cam a2200205 4500
001 - CONTROL NUMBER
control field WB3718-23
008 - FIXED-LENGTH DATA ELEMENTS--GENERAL INFORMATION
fixed length control field 000000n2001 000 0 eng u
035 ## - SYSTEM CONTROL NUMBER
System control number (Sirsi) u112485
245 ## - TITLE STATEMENT
Title Finance Bill: limited liability partnerships
260 ## - PUBLICATION, DISTRIBUTION, ETC.
Date of publication, distribution, etc. 2001
490 ## - SERIES STATEMENT
Series statement Inland Revenue Press Release
Volume/sequential designation (78/01) 3 May 2001 (1)
520 ## - SUMMARY, ETC.
Summary, etc. Government tables new clauses for the Finance Bill (new clauses 16 and 17) to ensure that limited liability partnerships (LLPs) are generally treated as partnerships for tax purposes and to prevent tax loss through LLPs used for property investment and investment. Information about the Limited Liability Partnerships Act 2000 and the Regulations made under that act is available at http://www.dti.gov.uk/cld/llpbill/index.htm The Explanatory Notes accompanying the New Clauses can be found at http://www.inlandrevenue.gov.uk/menus/legalmenu.htm
590 ## - LOCAL NOTE (RLIN)
Local note WB
650 ## - SUBJECT ADDED ENTRY--TOPICAL TERM
Topical term or geographic name entry element LIMITED LIABILITY PARTNERSHIPS
650 ## - SUBJECT ADDED ENTRY--TOPICAL TERM
Topical term or geographic name entry element FINANCE BILL 1999
650 ## - SUBJECT ADDED ENTRY--TOPICAL TERM
Topical term or geographic name entry element PROPERTY INVESTMENT
650 ## - SUBJECT ADDED ENTRY--TOPICAL TERM
Topical term or geographic name entry element LIMITED LIABILITY PARTNERSHIPS ACT 2000
690 ## - LOCAL SUBJECT ADDED ENTRY--TOPICAL TERM (OCLC, RLIN)
Topical term or geographic name as entry element MANAGEMENT-BUSINESS MANAGEMENT-PROFESSIONAL PRACTICE
942 ## - ADDED ENTRY ELEMENTS (KOHA)
Suppress in OPAC 0
Holdings
Withdrawn status Lost status Source of classification or shelving scheme Damaged status Not for loan Home library Current library Shelving location Date acquired Total Checkouts Full call number Barcode Date last seen Copy number Price effective from Koha item type
    Dewey Decimal Classification     London London News article 09/05/2001   WB3718-23 112485-1001 06/08/2019 1 06/08/2019 News article